Prima Lettera delle Città Australiane - Statistics

Statistiche generali
  • Questo quiz è stato fatto 56 volte
  • Il punteggio medio è 15 su 21
Statistiche sulle risposte
Hint Risposta % Corretto
_ydney S
98%
_delaide A
95%
_arwin D
95%
_elbourne M
95%
_ewcastle N
95%
_ictor Harbor V
95%
_anberra C
93%
_range O
86%
_risbane B
81%
_erth P
81%
_ownsville T
79%
_old Coast G
70%
_orster F
67%
_ockhampton R
60%
_aunceston L
51%
_lladulla U
49%
_chuca E
40%
_obart H
37%
_algoorlie K
33%
_ollongong W
33%
_eppon Y
33%
Nessun quiz corrispondente trovato
Distribuzione punteggi
Percentuale di utenti per punteggio
Percentile per numero di risposta
I tuoi punteggi nel tempo
Non hai fatto questo quiz